Establishment of Eggsquisite Sandwich PH in San Jose Montalban, Rizal/ (Record no. 79689)

MARC details
000 -LEADER
fixed length control field 02323nam a22002657a 4500
003 - CONTROL NUMBER IDENTIFIER
control field URS
005 - DATE AND TIME OF LATEST TRANSACTION
control field 20240422190538.0
008 - FIXED-LENGTH DATA ELEMENTS--GENERAL INFORMATION
fixed length control field 240422b |||||||| |||| 00| 0 eng d
050 00 - LIBRARY OF CONGRESS CALL NUMBER
Classification number LG 221.R59 Es81
Item number 2023
100 1# - MAIN ENTRY--PERSONAL NAME
Personal name Genoguin, Ailyn V.
Relator term Researcher
245 10 - TITLE STATEMENT
Title <a href="Establishment of Eggsquisite Sandwich PH in San Jose Montalban, Rizal/">Establishment of Eggsquisite Sandwich PH in San Jose Montalban, Rizal/</a>
Statement of responsibility, etc Leila Joy B. Lorenzo; Rodelyn O. Tandoy[and] Alyssa Mae O. Torres
260 #1 - PUBLICATION, DISTRIBUTION, ETC. (IMPRINT)
Date of publication, distribution, etc 2023
300 ## - PHYSICAL DESCRIPTION
Extent xviii, 233 leaves,
Other physical details illustration,
Dimensions 28 cm
336 ## - CONTENT TYPE
Source rdacontent
Content type term text
337 ## - MEDIA TYPE
Source rdamedia
Media type term unmediated
338 ## - CARRIER TYPE
Source rdacarrier
Carrier type term volume
502 ## - DISSERTATION NOTE
Dissertation note Undergraduate Thesis
Degree type Bachelor of Science in Business Administration Major in Human Resources Management<br/>
Name of granting institution University of Rizal System, Rodriguez, Rizal<br/>
Year degree granted 2023
520 ## - SUMMARY, ETC.
Summary, etc The "Eggsquisite Sandwich PH" is a product-based business that caters to authentic and unexceptional sandwiches that captivate every Filipino to upgrade their palate. It offers four (4) sandwiches with different fillings (Adobo Flakes Sandwich, Tapa Sandwich, Tocino Sandwich, and Veggie Sandwich) and Iced Tea Juice for refreshments (Lemon Iced Tea and Apple Iced Tea) in barangay San Jose Montalban, Rizal where people who will pass by, craves for an egg sandwich and can buy the products that proponent product offers.<br/><br/>The Eggsquisite Sandwich PH was coined from the influence of the popular egg sandwich brand in Korea known as "egg drop. With its acclaim, the proponents had an idea to create a Filipino style of egg sandwich to promote the country's popular dishes. This study aims to determine and explicate the condition that induces in the chosen study, consequently, educate the public about Eggsquisite Sandwich PH uniqueness and its benefits in health.<br/><br/>The proponents shall survey to gather potential customers within the target market. The outcome of the survey data shall be determined using statistical tools such as percentage and frequency Various statements and financial analyses will be performed to determine whether the proposed project is feasible.
650 ## - SUBJECT ADDED ENTRY--TOPICAL TERM
Source of heading or term Establishment of Eggsquisite Sandwich PH
700 ## - ADDED ENTRY--PERSONAL NAME
Personal name Lorenzo, Leila Joy B.
Relator term Researcher
700 ## - ADDED ENTRY--PERSONAL NAME
Personal name Tandoy, Rodelyn O.
Relator term Researcher
700 ## - ADDED ENTRY--PERSONAL NAME
Personal name Torres, Alyssa Mae O.
Relator term Researcher
700 ## - ADDED ENTRY--PERSONAL NAME
Personal name Perez, Christopher O.
Relator term Researcher
942 ## - ADDED ENTRY ELEMENTS (KOHA)
Source of classification or shelving scheme Library of Congress Classification
Koha item type Theses and dissertations
Holdings
Withdrawn status Source of classification or shelving scheme Damaged status Not for loan Home library Current library Shelving location Date acquired Total Checkouts Full call number Barcode Date last seen Copy number Price effective from Koha item type
  Library of Congress Classification   Not For Loan Rodriguez College Library Rodriguez College Library Undergraduate Theses 04/22/2024   LG 221.R59 Es81 2023 URSROD-UGT-HRM-0661 04/22/2024 c1 04/22/2024 Theses and dissertations

University of Rizal System
Email us at univlibservices@urs.edu.ph

Visit our Website www.urs.edu.ph/library